Intach Heritage Annual (Record no. 11064)
[ view plain ]
| 000 -LEADER | |
|---|---|
| fixed length control field | 00800nam a2200241 a 4500 |
| 020 ## - INTERNATIONAL STANDARD BOOK NUMBER | |
| ISBN | |
| 082 00 - DEWEY DECIMAL CLASSIFICATION NUMBER | |
| Classification number | 954.84 |
| Author Cutter | IND |
| 245 ## - TITLE STATEMENT | |
| Title | Intach Heritage Annual |
| 260 ## - PUBLICATION, DISTRIBUTION, ETC. (IMPRINT) | |
| Place of publication | HYDERABAD |
| Name of publisher | Indian National Trust for Art-Intach |
| Year of publication | 2001 |
| 300 ## - PHYSICAL DESCRIPTION | |
| Number of Pages | 80p |
| 500 ## - GENERAL NOTE | |
| General note | includes index and biblioraphy |
| 505 2# - FORMATTED CONTENTS NOTE | |
| Formatted contents note | Index |
| 505 2# - FORMATTED CONTENTS NOTE | |
| Formatted contents note | Index00 |
| 650 ## - SUBJECT ADDED ENTRY--TOPICAL TERM | |
| Topical Term | Hyderabad-History |
| 942 ## - ADDED ENTRY ELEMENTS (KOHA) | |
| Koha item type | Books |
| Home library | Current library | Date acquired | Cost, normal purchase price | Full call number | Accession Number | Koha item type |
|---|---|---|---|---|---|---|
| Henry Martyn Institute Library | Henry Martyn Institute Library | 08/02/2018 | 100.00 | 954.84 IND | 019922 | Books |
| Henry Martyn Institute Library | Henry Martyn Institute Library | 08/02/2018 | 50.00 | 954.84 IND | 019923 | Books |
| Henry Martyn Institute Library | Henry Martyn Institute Library | 08/02/2018 | 50.00 | 954.84 IND | 019924 | Books |
| Henry Martyn Institute Library | Henry Martyn Institute Library | 08/02/2018 | 100.00 | 954.84 IND | 020116 | Books |
| Henry Martyn Institute Library | Henry Martyn Institute Library | 08/02/2018 | 100.00 | 954.84 IND | 020463 | Books |
| Henry Martyn Institute Library | Henry Martyn Institute Library | 08/02/2018 | 100.00 | 954.84 IND | 021374 | Books |
